Když ženy nosí firmám peníze
Štúdia spoločnosti McKinsey dokazuje, že podniky so ženami v manažmente majú ziskovosť o 56 percent vyššiu, ako v podnikoch, kde ženy v manažmente nie sú. Tajomstvo tkvie v spolupráci mužov a žien. Ženy rozhodujú o nákupoch. Ženy zarábajú menej a môžu za to šéfovia. Ženy sú opatrnejšie a často volia...
Salvato in:
| Autore principale: | |
|---|---|
| Natura: | Capitolo di libro |
| Lingua: | ceco |
| Soggetti: | |
| Tags: |
Nessun Tag, puoi essere il primo ad aggiungerne!!
|
MARC
| LEADER | 00000naa a2200000 4500 | ||
|---|---|---|---|
| 001 | 0247439 | ||
| 005 | 20180904104139.0 | ||
| 041 | 0 | |a cze | |
| 044 | |a CZ | ||
| 245 | 1 | 0 | |a Když ženy nosí firmám peníze |c Lenka Petrášová |
| 520 | |a Štúdia spoločnosti McKinsey dokazuje, že podniky so ženami v manažmente majú ziskovosť o 56 percent vyššiu, ako v podnikoch, kde ženy v manažmente nie sú. Tajomstvo tkvie v spolupráci mužov a žien. Ženy rozhodujú o nákupoch. Ženy zarábajú menej a môžu za to šéfovia. Ženy sú opatrnejšie a často volia menej rizikové riešenie. Investičný fond Espira, ktorý funguje na princípe private equity a investuje do podnikov so ženami vo vedení. | ||
| 610 | 2 | 0 | |a fondy investičné |
| 610 | 2 | 0 | |a podnikanie |
| 610 | 2 | 0 | |a ženy |
| 610 | 2 | 0 | |a manažment |
| 610 | 2 | 0 | |a manažéri |
| 610 | 2 | 0 | |a riadenie podnikové |
| 610 | 2 | 0 | |a Česko |
| 100 | 1 | |a Petrášová, Lenka | |